000 00691nam a2200193Ia 4500
008 151119s9999||||xx |||||||||||||| ||und||
082 _a616
082 _bGKKV17408
100 _aजायस्वाल जयनारायण
245 _aचष्मा व नेत्ररोग चिकित्सा
260 _a--
260 _b--
260 _c0
600 _aजायस्वाल जयनारायण
630 _aचष्मा व नेत्ररोग चिकित्सा
700 _aजायस्वाल जयनारायण
730 _aचष्मा व नेत्ररोग चिकित्सा
942 _cBOOK
999 _c1070580
_d1070577